The 12 Circassian Tribes - Statistics

General Stats
  • This quiz has been taken 12 times
  • The average score is 5 of 12
Answer Stats
Tribe % Correct
Kabardians
91%
Abzakh
64%
Besleney
55%
Bzhedug
55%
Shapsug
55%
Ubykh
55%
Hatuqwai
27%
Mamkhegh
27%
Temirgoy
27%
Yegeruqwai
27%
Zhaney
27%
Natukhai
18%
No matching quizzes found
Score Distribution
Percent of People with Each Score
Percentile by Number Answered
Your Score History
You have not taken this quiz